=LDR 00000nam 2200000 4500 =001 001160 =005 20250710114606 =035 ##$$a 0010-0725000041 =007 ta =008 250710################a##########0#ind## =020 ##$$a 978-623-307-451-3 =082 ##$$a 398.209 598 =084 ##$$a 398.209 598 JOS k =100 #$$a Jose, Sahana =245 1#$$a Kakek Sekarang Bersama Dinosaurus /$c Sahana Jose =250 ##$$a Cetakan Kedua =260 ##$$a Jakarta Timur :$b Badan Pengembangan dan Pembinaan Bahasa,$c 2022 =300 ##$$a 28 : $b ilus. ; $c 29 cm =650 #4$$a Literasi-Bahan Bacaan =600 #4$$a Cerita anak Indonesia - Terjemahan =856 ##$$a TBM AS SUHADA